000
00224nam a22000977a 4500
020
_a
0130092924
050
_a
QA 154.3.T46 2003
100
_a
JOANNE THOMASSON
245
_a
EXPERIENCING INTERMEDIATE ALGEBRA
942
_2
lcc
_c
GEN
999
_c
12033
_d
12033